[Event "Riga Tech Open A 2014"]
[Site "Riga LAT"]
[Date "2014.08.19"]
[Round "4.10"]
[White "Valsecchi, Alessio"]
[Black "Rausis, Igors"]
[Result "1-0"]
[WhiteTitle "IM"]
[BlackTitle "GM"]
[WhiteElo "2421"]
[BlackElo "2578"]
[WhiteFideId "818860"]
[BlackFideId "11600098"]
[EventDate "2014.08.16"]

1. c4 c5 2. Nf3 g6 3. g3 Bg7 4. Bg2 Nc6 5. O-O d6 6. Nc3 Qd7 7. d3 b6 8. Bd2 Bb7
9. a4 Nf6 10. e4 Ng4 11. Bh3 f5 12. Nh4 Nge5 13. Be3 O-O 14. f4 Ng4 15. Bxg4
fxg4 16. Rf2 Rf7 17. Nd5 Raf8 18. a5 bxa5 19. Qa4 e6 20. Nc3 g5 21. Ng2 gxf4 22.
gxf4 Qd8 23. Ne2 h5 24. e5 h4 25. exd6 h3 26. Bxc5 hxg2 27. d4 Qh4 28. Qb3 e5
29. d7 Rxd7 30. Bxf8 Bxf8 31. fxe5 Nxe5 32. Rxf8+ Kxf8 33. dxe5 Rh7 34. Qg3 Qxg3
35. Nxg3 Rd7 36. Nf5 Rd2 37. Re1 Rxb2 38. e6 Bc6 39. e7+ Kf7 40. Nd6+ Kg6 41.
e8=Q+ Bxe8 42. Rxe8 a4 43. Re3 Kg5 44. Ra3 Kh4 45. c5 Rc2 46. Ne4 Rc4 47. Nf2
Kg5 48. c6 Kf5 49. c7 Rxc7 50. Rxa4 Rg7 51. Kxg2 Ke6 52. Kg3 Kd6 53. Nxg4 Kc5
54. h4 Kb5 55. Ra1 a5 56. h5 a4 57. h6 Rg8 58. h7 Rh8 59. Rh1 a3 60. Ne3 a2 61.
Nc2 Kc4 62. Na1 Kd5 63. Kg4 Ke6 64. Kg5 Kd5 1-0

[Event "Riga Tech Open A 2014"]
[Site "Riga LAT"]
[Date "2014.08.19"]
[Round "4.11"]
[White "Golod, Vitali"]
[Black "Simonian, Tigran"]
[Result "1-0"]
[WhiteTitle "GM"]
[BlackTitle "IM"]
[WhiteElo "2574"]
[BlackElo "2405"]
[WhiteFideId "2804140"]
[BlackFideId "13303597"]
[EventDate "2014.08.16"]

1. d4 Nf6 2. c4 e6 3. Nc3 d5 4. Nf3 c5 5. cxd5 Nxd5 6. e4 Nxc3 7. bxc3 cxd4 8.
cxd4 Bb4+ 9. Bd2 Bxd2+ 10. Qxd2 O-O 11. Bc4 Nd7 12. O-O b6 13. a4 Bb7 14. Rfe1
Rc8 15. Bb5 Nb8 16. Bd3 h6 17. a5 bxa5 18. Reb1 Ba8 19. Rxa5 Nc6 20. Ra4 a5 21.
Rba1 Rb8 22. h3 Rb4 23. Rxa5 Bb7 24. d5 exd5 25. exd5 Rb3 26. Bh7+ Kxh7 27. Qc2+
g6 28. dxc6 Qb6 29. cxb7 Rb2 30. Qc5 1-0

[Event "Riga Tech Open A 2014"]
[Site "Riga LAT"]
[Date "2014.08.19"]
[Round "4.12"]
[White "Loetscher, Roland"]
[Black "Yemelin, Vasily"]
[Result "1/2-1/2"]
[WhiteTitle "FM"]
[BlackTitle "GM"]
[WhiteElo "2414"]
[BlackElo "2573"]
[WhiteFideId "1305239"]
[BlackFideId "4113217"]
[EventDate "2014.08.16"]

1. d4 d5 2. c4 e6 3. Nf3 Nf6 4. g3 Bb4+ 5. Bd2 Be7 6. Bg2 c6 7. O-O Nbd7 8. Qc2
O-O 9. Bf4 a5 10. Nbd2 Nh5 11. Be3 f5 12. Nb3 g5 13. Rad1 h6 14. Nc5 Nxc5 15.
dxc5 Bf6 16. Bd4 Bxd4 17. Nxd4 Qe7 1/2-1/2

[Event "Riga Tech Open A 2014"]
[Site "Riga LAT"]
[Date "2014.08.19"]
[Round "4.13"]
[White "Danin, Alexandre"]
[Black "Khatoev, Eduard"]
[Result "0-1"]
[WhiteTitle "GM"]
[BlackTitle "FM"]
[WhiteElo "2572"]
[BlackElo "2417"]
[WhiteFideId "4144031"]
[BlackFideId "24145076"]
[EventDate "2014.08.16"]

1. e4 e5 2. Nf3 Nf6 3. Nxe5 d6 4. Nf3 Nxe4 5. d4 d5 6. Bd3 Nc6 7. O-O Be7 8. Re1
Bg4 9. c4 Nf6 10. Nc3 Bxf3 11. Qxf3 Nxd4 12. Qd1 dxc4 13. Bxc4 c5 14. Qa4+ Qd7
15. Qxd7+ Kxd7 16. Bxf7 Bd6 17. Rd1 Raf8 18. Bc4 Ng4 19. h3 Bh2+ 20. Kh1 Nxf2+
21. Kxh2 Nxd1 22. Nxd1 b5 23. Bd3 c4 24. Be3 cxd3 25. Bxd4 Rf1 26. Bxg7 Re8 27.
Bc3 Re2 28. a4 bxa4 29. Rxa4 Rxd1 30. Rxa7+ Ke6 31. Ra4 h5 32. Rd4 Re5 33. Kg3
Rd5 34. Rxd5 Kxd5 35. Kf4 h4 36. Ke3 Kc4 37. Bf6 Kb3 38. Bxh4 Kc2 39. Bg5 Rf1
40. Ke4 Rf2 41. g4 Rh2 42. b4 Rxh3 43. b5 Rg3 44. Kf5 Rg1 45. b6 Rb1 46. Be3
Rb5+ 47. Kf4 Rxb6 48. Kf3 Rb4 49. Kg3 d2 50. Bxd2 Kxd2 51. Kh4 Ke3 0-1

[Event "Riga Tech Open A 2014"]
[Site "Riga LAT"]
[Date "2014.08.19"]
[Round "4.14"]
[White "Oparin, Grigoriy"]
[Black "Percivaldi, Martin"]
[Result "1-0"]
[WhiteTitle "GM"]
[WhiteElo "2546"]
[BlackElo "2170"]
[WhiteFideId "24125890"]
[BlackFideId "1508148"]
[EventDate "2014.08.16"]

1. e4 c5 2. Nf3 e6 3. d4 cxd4 4. Nxd4 a6 5. Nc3 b5 6. Bd3 Qb6 7. Nf3 Qc7 8. O-O
Bb7 9. Re1 Be7 10. e5 f5 11. Nh4 g6 12. Nf3 Nc6 13. a4 b4 14. Nb1 Bf8 15. Nbd2
Na5 16. Nb3 Ne7 17. Nxa5 Qxa5 18. Nd2 Qd5 19. Bf1 Rc8 20. Rb1 Bg7 21. b3 O-O 22.
Bb2 Qc6 23. Nc4 Nd5 24. Qd3 Qc7 25. h4 a5 26. Qg3 Ba6 27. h5 Bxc4 28. Bxc4 Nb6
29. Ba6 Ra8 30. Bd3 gxh5 31. Rbd1 Kh8 32. Qh4 Qd8 33. Qxh5 d5 34. g4 Qe8 35.
Qxe8 Raxe8 36. Bd4 Nc8 37. gxf5 exf5 38. Bc5 Rg8 39. Kf1 f4 40. e6 Bc3 41. Bb5
Re7 42. Rxd5 Reg7 43. f3 Ne7 44. Rd7 Nf5 45. Rxg7 Kxg7 46. e7 Bxe1 47. Kxe1 Nxe7
48. Bxe7 Kg6 49. Bd3+ Kh5 50. Bd6 Rg7 51. Bxf4 Rf7 52. Be3 Kh4 53. Kf2 h5 54. f4
Rg7 55. f5 1-0

[Event "Riga Tech Open A 2014"]
[Site "Riga LAT"]
[Date "2014.08.19"]
[Round "4.15"]
[White "Werle, Jan"]
[Black "Erwich, Frank"]
[Result "1-0"]
[WhiteTitle "GM"]
[BlackTitle "FM"]
[WhiteElo "2511"]
[BlackElo "2328"]
[WhiteFideId "1006088"]
[BlackFideId "1007076"]
[EventDate "2014.08.16"]

1. d4 Nf6 2. c4 e6 3. Nc3 Bb4 4. e3 b6 5. a3 Bxc3+ 6. bxc3 c5 7. Bd3 Bb7 8. f3
Nc6 9. Ne2 O-O 10. O-O Na5 11. e4 Ne8 12. e5 cxd4 13. cxd4 Rc8 14. Qc2 Nxc4 15.
Bxh7+ Kh8 16. Be4 Nxe5 17. Qa4 Nc6 18. d5 Na5 19. Bd2 Bxd5 20. Bxd5 exd5 21.
Bxa5 bxa5 22. Kh1 Rc4 23. Qd1 Nf6 24. Qd2 Qc7 25. Nd4 Re8 26. Rad1 Re5 27. Qf4
Kg8 28. Qg3 Rh5 29. Qxc7 Rxc7 30. Rfe1 g6 31. Nb5 Rb7 32. Nd4 Kg7 33. Rc1 a4 34.
Kg1 Rh8 35. Rc5 d6 36. Rc6 Re8 37. Rxe8 Nxe8 38. Ra6 Rc7 39. Nc6 Kf6 40. Kf2 Ng7
41. Nb4 Ke6 42. g4 Ne8 43. Rxa4 Nf6 44. Ra5 g5 45. Ke2 Ke5 46. Rxa7 Rxa7 47.
Nc6+ Kf4 48. Nxa7 Nd7 49. Nb5 Ke5 50. a4 Nc5 51. a5 d4 52. Nc7 d3+ 53. Ke3 d2
54. Ke2 f5 55. a6 Nxa6 56. Nxa6 fxg4 57. Nb4 gxf3+ 58. Kxd2 Ke4 59. Ke1 d5 60.
Kf2 g4 61. Na6 d4 62. Nc5+ Kd5 63. Nd3 Ke4 64. Nb2 d3 65. Nc4 Kd4 66. Nd2 Kc3
67. Ke3 Kc2 68. Ne4 Kd1 69. Nf2+ Ke1 70. Nxg4 1-0

[Event "Riga Tech Open A 2014"]
[Site "Riga LAT"]
[Date "2014.08.19"]
[Round "4.16"]
[White "Sanders, Isaac B"]
[Black "Shirov, Alexei"]
[Result "0-1"]
[BlackTitle "GM"]
[WhiteElo "2282"]
[BlackElo "2709"]
[WhiteFideId "417661"]
[BlackFideId "2209390"]
[EventDate "2014.08.16"]

1. e4 c5 2. Nc3 Nc6 3. Bb5 Nd4 4. Bc4 g6 5. Nf3 Bg7 6. Nxd4 cxd4 7. Qf3 Nh6 8.
Ne2 O-O 9. d3 Ng4 10. Bb3 d6 11. Qg3 a5 12. a4 Qb6 13. O-O Nf6 14. Bg5 e6 15.
Rae1 Qc5 16. Qh4 Nd7 17. f4 b5 18. f5 Ne5 19. Rf4 exf5 20. Bh6 bxa4 21. exf5
Bxf5 22. Bxg7 Kxg7 23. Rxf5 axb3 24. Qf6+ Kg8 25. Ng3 Nd7 26. Qh4 Qb4 27. Ref1
bxc2 28. Rh5 c1=Q 29. Rxc1 Qd2 30. Nf1 Qxc1 31. Rxh7 Nf6 0-1

[Event "Riga Tech Open A 2014"]
[Site "Riga LAT"]
[Date "2014.08.19"]
[Round "4.17"]
[White "Aleksandrov, Aleksej"]
[Black "Carstensen, Jacob"]
[Result "1-0"]
[WhiteTitle "GM"]
[BlackTitle "FM"]
[WhiteElo "2595"]
[BlackElo "2369"]
[WhiteFideId "13500139"]
[BlackFideId "1404180"]
[EventDate "2014.08.16"]

1. d4 Nf6 2. c4 e6 3. Nc3 Bb4 4. e3 c5 5. Bd3 Nc6 6. Nf3 d5 7. O-O O-O 8. a3
Bxc3 9. bxc3 dxc4 10. Bxc4 Qc7 11. a4 e5 12. Ba3 e4 13. Nd2 b6 14. f3 Na5 15.
Ba2 Bb7 16. fxe4 Nxe4 17. Nxe4 Bxe4 18. Rf4 Rae8 19. Qg4 Bd3 20. dxc5 bxc5 21.
Qf3 Qe5 22. Bxf7+ Rxf7 23. Rxf7 Bc4 24. Rxa7 Nc6 25. Rb7 Qxc3 26. Bb2 1-0

[Event "Riga Tech Open A 2014"]
[Site "Riga LAT"]
[Date "2014.08.19"]
[Round "4.18"]
[White "Tabernig, Bernhard"]
[Black "Prohaszka, Peter2"]
[Result "1-0"]
[WhiteTitle "FM"]
[BlackTitle "GM"]
[WhiteElo "2369"]
[BlackElo "2595"]
[WhiteFideId "1600680"]
[BlackFideId "726265"]
[EventDate "2014.08.16"]

1. d4 d5 2. c4 c6 3. Nf3 Nf6 4. e3 Bf5 5. Nc3 e6 6. Nh4 Bg6 7. Nxg6 hxg6 8. Qb3
Qc7 9. g3 Nbd7 10. Bg2 Be7 11. Bd2 Nb6 12. cxd5 exd5 13. O-O a5 14. Rad1 O-O 15.
Bc1 Rfe8 16. Rfe1 Bb4 17. a3 Bf8 18. Re2 Ne4 19. f3 a4 20. Qc2 Nxc3 21. Qxc3 Nc4
22. Kh1 b5 23. e4 dxe4 24. fxe4 c5 25. Bf4 cxd4 26. Rxd4 Qb6 27. e5 Rac8 28. Bh3
Rc5 29. e6 fxe6 30. Qe1 e5 31. Bg2 Rec8 32. Rxc4 Rxc4 33. Bd5+ Kh7 34. Qf1 g5
35. Bxg5 R8c6 36. Qxf8 Rc1+ 37. Kg2 Rg1+ 38. Kh3 Rh6+ 39. Kg4 Qd4+ 40. Be4+ Rg6
41. Qf5 Kg8 42. Qxg6 Qd7+ 43. Qf5 Qd1 44. Qe6+ Kf8 45. Qe7+ 1-0

[Event "Riga Tech Open A 2014"]
[Site "Riga LAT"]
[Date "2014.08.20"]
[Round "5.1"]
[White "Argandona Riveiro, Inigo"]
[Black "Melkumyan, Hrant"]
[Result "0-1"]
[WhiteTitle "IM"]
[BlackTitle "GM"]
[WhiteElo "2423"]
[BlackElo "2655"]
[WhiteFideId "2212072"]
[BlackFideId "13302485"]
[EventDate "2014.08.16"]

1. e4 e5 2. Nf3 Nc6 3. Bb5 a6 4. Bxc6 dxc6 5. O-O Be7 6. b3 Bf6 7. Bb2 Bg4 8. h3
Bxf3 9. Qxf3 Ne7 10. d3 O-O 11. Nd2 c5 12. Nc4 Nc6 13. Ne3 g6 14. Rae1 Bg7 15.
Qg3 Nd4 16. Ba1 Qd6 17. Nc4 Qe7 18. Ne3 Rae8 19. f4 exf4 20. Qxf4 c6 21. Qf2 b5
22. Kh1 h5 23. c3 Ne6 24. c4 Nd4 25. Nc2 Ne6 26. Bxg7 Kxg7 27. e5 Qg5 28. Qf3
Rd8 29. Re3 bxc4 30. bxc4 Kg8 31. Rfe1 Rb8 32. R3e2 Rb2 33. Qe3 Rxa2 34. Qxg5
Nxg5 35. Nd4 Rxe2 36. Nxe2 a5 37. Ra1 Ra8 38. Ra4 Ne6 39. Nc3 Nf4 40. Ne4 Nxd3
41. Nd2 Kg7 42. Nb3 Rb8 43. Nd2 Ra8 44. Nb3 g5 45. Nxa5 Nxe5 46. Ra3 h4 47. Re3
Rxa5 48. Rxe5 Kf6 49. Re1 Ra4 0-1

[Event "Riga Tech Open A 2014"]
[Site "Riga LAT"]
[Date "2014.08.20"]
[Round "5.2"]
[White "Iturrizaga Bonelli, Eduardo"]
[Black "Kovalenko, Igor"]
[Result "1/2-1/2"]
[WhiteTitle "GM"]
[BlackTitle "GM"]
[WhiteElo "2653"]
[BlackElo "2650"]
[WhiteFideId "3901211"]
[BlackFideId "14117908"]
[EventDate "2014.08.16"]

1. Nf3 Nf6 2. c4 c5 3. g3 g6 4. Bg2 Bg7 5. O-O O-O 6. Nc3 Nc6 7. d4 d6 8. dxc5
dxc5 9. Be3 Qa5 10. Qa4 Nd7 11. Qxa5 Nxa5 12. Nd2 Bxc3 13. bxc3 Re8 14. Rfd1 Kg7
15. Bf4 Nb6 16. Rab1 Bg4 17. Rb5 e5 18. Bg5 Nc6 19. Re1 h6 20. Be3 Rac8 21. Bxc5
Na4 22. Bd6 Nxc3 23. Rxb7 Nxe2+ 24. Rxe2 Bxe2 25. Bd5 Nd8 26. Rxa7 e4 27. c5 Bd3
28. Nc4 Bxc4 29. Bxc4 Ne6 30. Bd5 Kf6 31. a4 g5 32. a5 Nxc5 33. Bxf7 Rh8 34. Bd5
Rhe8 35. Bf7 Rh8 36. Bd5 Rhe8 37. a6 Rcd8 38. Rf7+ Kg6 39. a7 Rxd6 40. Re7 Red8
41. a8=Q Rxa8 42. Bxa8 Kf5 43. h3 1/2-1/2

[Event "Riga Tech Open A 2014"]
[Site "Riga LAT"]
[Date "2014.08.20"]
[Round "5.3"]
[White "Rapport, Richard"]
[Black "Golod, Vitali"]
[Result "1-0"]
[WhiteTitle "GM"]
[BlackTitle "GM"]
[WhiteElo "2704"]
[BlackElo "2574"]
[WhiteFideId "738590"]
[BlackFideId "2804140"]
[EventDate "2014.08.16"]

1. b3 e5 2. Bb2 Nc6 3. e3 Nf6 4. Bb5 Bd6 5. Na3 Be7 6. Nc4 d6 7. Bxc6+ bxc6 8.
Ne2 O-O 9. O-O Re8 10. Ng3 Be6 11. d3 Qd7 12. Nd2 a5 13. a4 Nd5 14. Nc4 c5 15.
Qd2 Nb4 16. f4 f6 17. e4 Rf8 18. Rf2 exf4 19. Rxf4 d5 20. exd5 Nxd5 21. Re4 Bf7
22. Nxa5 f5 23. Rxe7 Nxe7 24. Nb7 Bg6 25. Re1 f4 26. Nxc5 Qc6 27. Qc3 Rf7 28.
Re6 Qd5 29. Re5 Qc6 30. Nge4 f3 31. gxf3 Bxe4 32. Nxe4 Qxc3 33. Bxc3 Ng6 34. Rc5
Raf8 35. Ng5 Rf5 36. Rxf5 Rxf5 37. Ne4 Rxf3 38. a5 Rf8 39. b4 Ne7 40. Bd2 Nc6
41. Kg2 Kf7 42. b5 Nd4 43. c4 Nb3 44. Bb4 Rd8 45. a6 Ke6 46. Kf2 Rxd3 47. Bd6
Rd1 48. Bxc7 Kd7 49. Be5 Rc1 50. b6 Rc2+ 51. Kg3 1-0

[Event "Riga Tech Open A 2014"]
[Site "Riga LAT"]
[Date "2014.08.20"]
[Round "5.4"]
[White "Savchenko, Boris"]
[Black "Oparin, Grigoriy"]
[Result "1/2-1/2"]
[WhiteTitle "GM"]
[BlackTitle "GM"]
[WhiteElo "2596"]
[BlackElo "2546"]
[WhiteFideId "4147332"]
[BlackFideId "24125890"]
[EventDate "2014.08.16"]

1. e4 c5 2. Nf3 d6 3. d4 cxd4 4. Nxd4 Nf6 5. Nc3 Nc6 6. Bg5 Bd7 7. Qd2 h6 8.
Bxf6 gxf6 9. f4 Qb6 10. Nf5 O-O-O 11. O-O-O e6 12. Ne3 Kb8 13. a3 a6 14. Nc4 Qc7
15. Qf2 b5 16. Nd2 Bc8 17. Be2 h5 18. Kb1 Qa7 19. Qf1 Bb7 20. Nb3 Qb6 21. h4 Be7
22. Rh3 Na5 23. Nd4 Rc8 24. f5 Nc6 25. Nxc6+ Rxc6 26. Rg3 Rc7 27. Qf4 Qc5 28.
fxe6 fxe6 29. Rg7 Qe5 30. g3 Bd8 31. Rg6 Be7 32. Rg7 Bd8 33. Rg6 Be7 34. Rf1 Qd4
35. Rd1 1/2-1/2

[Event "Riga Tech Open A 2014"]
[Site "Riga LAT"]
[Date "2014.08.20"]
[Round "5.5"]
[White "Werle, Jan"]
[Black "Naroditsky, Daniel"]
[Result "1/2-1/2"]
[WhiteTitle "GM"]
[BlackTitle "GM"]
[WhiteElo "2511"]
[BlackElo "2587"]
[WhiteFideId "1006088"]
[BlackFideId "2026961"]
[EventDate "2014.08.16"]

1. d4 Nf6 2. c4 g6 3. Nc3 Bg7 4. e4 d6 5. Nf3 O-O 6. Be2 c5 7. O-O Re8 8. h3
cxd4 9. Nxd4 Nbd7 10. Be3 b6 11. Nc6 Qc7 12. Nb4 Bb7 13. Nbd5 Qd8 14. Bg5 a6 15.
Rc1 Rc8 16. Qd2 e6 17. Nxf6+ Bxf6 18. Bxf6 Nxf6 19. Qd4 d5 20. e5 Nd7 21. cxd5
exd5 22. f4 Nc5 23. Bg4 Rc7 24. Rcd1 h5 25. Bf3 Ne6 26. Qd2 d4 27. Ne2 Bxf3 28.
Rxf3 Qd5 29. f5 gxf5 30. Ng3 f4 31. Nxh5 Qxe5 32. Nxf4 Nxf4 33. Rxf4 Qe3+ 34.
Kh1 Qxd2 35. Rxd2 d3 36. Rxd3 Re2 37. Rd8+ Kh7 38. Rh4+ Kg7 39. Rg4+ Kh7 40. Rb4
Rcc2 41. Rh4+ Kg6 42. Rg8+ Kf5 43. Rh5+ Ke6 44. Rh6+ f6 45. Re8+ Kf5 46. Rh5+ 1/2-1/2

[Event "Riga Tech Open A 2014"]
[Site "Riga LAT"]
[Date "2014.08.20"]
[Round "5.6"]
[White "Khatoev, Eduard"]
[Black "Banusz, Tamas"]
[Result "1/2-1/2"]
[WhiteTitle "FM"]
[BlackTitle "GM"]
[WhiteElo "2417"]
[BlackElo "2585"]
[WhiteFideId "24145076"]
[BlackFideId "722413"]
[EventDate "2014.08.16"]

1. c4 Nf6 2. Nf3 e6 3. g3 d5 4. Bg2 Be7 5. O-O O-O 6. d4 c6 7. Nc3 b6 8. Ne5 Bb7
9. e4 Nbd7 10. Nxc6 Bxc6 11. exd5 exd5 12. cxd5 Bb7 13. d6 Bxg2 14. dxe7 Qxe7
15. Kxg2 Rfd8 16. Qf3 Qb4 17. Rd1 Rac8 18. Rb1 Nf8 19. Be3 Rd7 20. d5 Rc4 21.
Bg5 Ne8 22. Re1 Nc7 23. a3 Qc5 24. Be3 Qa5 25. Rbd1 h6 26. d6 Nce6 27. Nd5 Ng6
28. Bxh6 Rd4 29. Rxe6 Rxd1 30. Re8+ Kh7 31. Qxd1 Rxd6 32. Bg5 Qxd5+ 33. Qxd5
Rxd5 34. Be3 f6 35. h4 Ne5 36. Re7 Nc4 37. Rxa7 Nxe3+ 38. fxe3 Rd2+ 39. Kf3 Rxb2
40. g4 Kg6 41. h5+ Kh6 42. Ra4 Rb3 43. Kf4 b5 44. Ra8 Kh7 45. e4 Rb1 46. Rb8
Rf1+ 47. Ke3 Ra1 48. Rxb5 Rxa3+ 49. Kf4 Rh3 50. Rf5 g5+ 51. hxg6+ Kxg6 1/2-1/2

[Event "Riga Tech Open A 2014"]
[Site "Riga LAT"]
[Date "2014.08.20"]
[Round "5.7"]
[White "Goganov, Aleksey"]
[Black "Valsecchi, Alessio"]
[Result "1-0"]
[WhiteTitle "GM"]
[BlackTitle "IM"]
[WhiteElo "2604"]
[BlackElo "2421"]
[WhiteFideId "24109959"]
[BlackFideId "818860"]
[EventDate "2014.08.16"]

1. d4 Nf6 2. c4 c5 3. d5 e6 4. Nc3 exd5 5. cxd5 d6 6. Nf3 g6 7. Nd2 Bg7 8. e4
O-O 9. Be2 Na6 10. O-O Nc7 11. a4 a6 12. Nc4 b5 13. axb5 axb5 14. Rxa8 Nxa8 15.
Nxb5 Nxe4 16. Bf4 Ba6 17. Nbxd6 Nxd6 18. Nxd6 Qf6 19. g3 g5 20. Ne4 Qxb2 21.
Bxa6 gxf4 22. d6 Nb6 23. Nxc5 fxg3 24. hxg3 Qa3 25. Qh5 Bd4 26. Qg4+ Bg7 27. Qf5
Rd8 28. Rd1 h6 29. Bb5 Qb2 30. Nb7 1-0

[Event "Riga Tech Open A 2014"]
[Site "Riga LAT"]
[Date "2014.08.20"]
[Round "5.8"]
[White "Shirov, Alexei"]
[Black "Bailet, Pierre"]
[Result "1-0"]
[WhiteTitle "GM"]
[BlackTitle "IM"]
[WhiteElo "2709"]
[BlackElo "2476"]
[WhiteFideId "2209390"]
[BlackFideId "655830"]
[EventDate "2014.08.16"]

1. e4 e5 2. Nf3 Nc6 3. Bc4 Bc5 4. d3 Nf6 5. Nc3 d6 6. O-O Bg4 7. h3 Bh5 8. Be3
Nd4 9. g4 Bg6 10. Bxd4 exd4 11. Ne2 d5 12. exd5 Nxd5 13. Bxd5 Qxd5 14. Nf4 Qd8
15. Re1+ Be7 16. Qe2 Kf8 17. Ne5 Bg5 18. Nfxg6+ hxg6 19. Qf3 Bf6 20. Qxb7 Rxh3
21. Nc6 Qc8 22. Qxc8+ Rxc8 23. Nxa7 Ra8 24. Nc6 Rh4 25. Re4 Re8 26. a4 Rxe4 27.
dxe4 Rxg4+ 28. Kf1 Rxe4 29. a5 Re8 30. Re1 d3 31. cxd3 Ra8 32. b4 Bc3 33. Rc1
Bd2 34. Rc4 g5 35. Ke2 Bf4 36. b5 Ke8 37. Re4+ Kf8 38. a6 f5 39. Re7 g4 40. Rd7
Re8+ 41. Kf1 1-0

[Event "Riga Tech Open A 2014"]
[Site "Riga LAT"]
[Date "2014.08.20"]
[Round "5.9"]
[White "Fridman, Daniel"]
[Black "Aravindh, Chithambaram VR."]
[Result "1/2-1/2"]
[WhiteTitle "GM"]
[BlackTitle "IM"]
[WhiteElo "2639"]
[BlackElo "2467"]
[WhiteFideId "11600454"]
[BlackFideId "5072786"]
[EventDate "2014.08.16"]

1. Nf3 d5 2. d4 Nf6 3. c4 e6 4. Nc3 Be7 5. Bf4 O-O 6. e3 Nbd7 7. Be2 dxc4 8. O-O
c5 9. dxc5 Nxc5 10. Bxc4 Qxd1 11. Rfxd1 b6 12. Bd6 Bxd6 13. Rxd6 Bb7 14. Rad1
Rac8 15. Ne5 Nce4 16. Nxe4 Bxe4 17. f3 Rc5 18. Rxe6 Bc2 19. Rd2 fxe6 20. Bxe6+
Kh8 21. Nf7+ Kg8 22. Nh6+ Kh8 23. Nf7+ 1/2-1/2

[Event "Riga Tech Open A 2014"]
[Site "Riga LAT"]
[Date "2014.08.20"]
[Round "5.10"]
[White "Swayams, Mishra"]
[Black "Aleksandrov, Aleksej"]
[Result "1/2-1/2"]
[WhiteTitle "IM"]
[BlackTitle "GM"]
[WhiteElo "2479"]
[BlackElo "2595"]
[WhiteFideId "5028183"]
[BlackFideId "13500139"]
[EventDate "2014.08.16"]

1. d4 d5 2. c4 e6 3. Nf3 Nf6 4. Nc3 Bb4 5. Bg5 h6 6. Bxf6 Qxf6 7. e3 O-O 8. Rc1
dxc4 9. Bxc4 c5 10. O-O cxd4 11. Nxd4 Bd7 12. Qb3 Nc6 13. Nxc6 Bxc3 14. Rxc3
Bxc6 1/2-1/2

[Event "Riga Tech Open A 2014"]
[Site "Riga LAT"]
[Date "2014.08.20"]
[Round "5.11"]
[White "Franco Alonso, Alejandro"]
[Black "Bok, Benjamin"]
[Result "1/2-1/2"]
[WhiteTitle "IM"]
[BlackTitle "GM"]
[WhiteElo "2471"]
[BlackElo "2587"]
[WhiteFideId "2214067"]
[BlackFideId "1017063"]
[EventDate "2014.08.16"]

1. Nf3 Nf6 2. c4 e6 3. d4 d5 4. Nc3 Nbd7 5. cxd5 exd5 6. Bg5 c6 7. e3 Be7 8. Bd3
h6 9. Bf4 Nh5 10. Be5 Nhf6 11. Bf4 Nh5 12. Be5 Nhf6 13. Bf4 1/2-1/2

[Event "Riga Tech Open A 2014"]
[Site "Riga LAT"]
[Date "2014.08.20"]
[Round "5.12"]
[White "Yemelin, Vasily"]
[Black "Pileckis, Emilis"]
[Result "1-0"]
[WhiteTitle "GM"]
[BlackTitle "IM"]
[WhiteElo "2573"]
[BlackElo "2447"]
[WhiteFideId "4113217"]
[BlackFideId "12802476"]
[EventDate "2014.08.16"]

1. d4 Nf6 2. c4 e6 3. Nf3 b6 4. a3 Ba6 5. Qc2 c5 6. d5 exd5 7. cxd5 g6 8. Nc3
Bg7 9. g3 O-O 10. Bg2 d6 11. O-O Qe7 12. Re1 Nbd7 13. Bf4 h6 14. h3 Rae8 15. Qa4
Nb8 16. e4 Nfd7 17. h4 Kh7 18. Rad1 Bf6 19. Bh3 Bxc3 20. bxc3 Bc8 21. Bg2 Ne5
22. Nxe5 dxe5 23. Be3 Qd7 24. Qxd7 Nxd7 25. a4 f5 26. a5 f4 27. Bd2 b5 28. a6
Rf6 29. Bh3 fxg3 30. fxg3 Nb6 31. Rf1 Rxf1+ 32. Bxf1 c4 33. Ra1 Bd7 34. Be3 Rb8
35. Bc5 Na4 36. Bd6 Re8 37. Bb4 g5 38. hxg5 hxg5 39. Be2 Kg6 40. Kf2 Rh8 41. Kg2
Rh6 42. Bd1 Kf7 43. d6 Rh8 44. Bc2 Kg7 45. Rd1 Rc8 46. Rd5 Kf6 47. Kf3 Ke6 48.
Ke3 Rf8 49. Bd1 Kf6 50. Kd2 Bc6 51. d7 Rd8 52. Rd6+ Kf7 53. Bh5+ 1-0

[Event "Riga Tech Open A 2014"]
[Site "Riga LAT"]
[Date "2014.08.20"]
[Round "5.13"]
[White "Neiksans, Arturs"]
[Black "Petrov, Nikita"]
[Result "1/2-1/2"]
[WhiteTitle "GM"]
[BlackTitle "FM"]
[WhiteElo "2572"]
[BlackElo "2418"]
[WhiteFideId "11601388"]
[BlackFideId "4101286"]
[EventDate "2014.08.16"]

1. Nf3 Nf6 2. g3 d5 3. Bg2 g6 4. O-O Bg7 5. d4 O-O 6. c4 c6 7. Qb3 dxc4 8. Qxc4
Na6 9. Nc3 Be6 10. Qa4 Nd5 11. Rd1 Nb6 12. Qc2 Bf5 13. e4 Bg4 14. Ne2 Bxf3 15.
Bxf3 e5 16. dxe5 Qe7 17. Bf4 Bxe5 18. Bxe5 Qxe5 19. Bg2 Rad8 20. Nc3 Qe7 21. h4
Nc5 22. Kh2 Ne6 23. Rxd8 Rxd8 24. Rd1 Rxd1 25. Nxd1 Qd6 26. Ne3 Qd4 27. b3 Nd7
28. Nc4 b5 29. Na5 Ne5 30. Nxc6 Nxc6 31. Qxc6 Qxf2 32. Qxb5 Qxa2 1/2-1/2

[Event "Riga Tech Open A 2014"]
[Site "Riga LAT"]
[Date "2014.08.20"]
[Round "5.14"]
[White "Krivonosov, Oleg"]
[Black "Kulaots, Kaido"]
[Result "1/2-1/2"]
[WhiteTitle "IM"]
[BlackTitle "GM"]
[WhiteElo "2442"]
[BlackElo "2567"]
[WhiteFideId "11600349"]
[BlackFideId "4500261"]
[EventDate "2014.08.16"]

1. Nf3 Nf6 2. c4 c5 3. Nc3 d5 4. cxd5 Nxd5 5. d4 Nxc3 6. bxc3 g6 7. g3 Bg7 8.
Bg2 O-O 9. O-O Nc6 10. Be3 cxd4 11. Nxd4 Na5 12. Nb3 Qc7 13. Nxa5 Qxa5 14. Qb3
Rb8 15. Rfd1 Bg4 16. Bf3 Bxf3 17. exf3 b6 18. Rac1 Qf5 19. Kg2 h5 20. h4 Rb7 21.
c4 Qe6 22. c5 Qxb3 23. axb3 bxc5 24. Rxc5 Bf6 25. Ra5 Rfb8 26. Rd3 Rxb3 27. Rxb3
Rxb3 28. Rxa7 Rc3 29. Rd7 Rc2 30. Bg5 Kg7 31. Bxf6+ Kxf6 1/2-1/2